Az 1991. lakáshitel-törlesztés matematikája.

Zmeny vo financovaní bytov od r. 1991 v Maďarsku. Dopad inflácie v bytovom hospodárstve na životnú úroveň mladých rodín. Zmeny v úrokovej sadzbe, v systéme splácania dlhu štátnym peňažným ústavom. Nevyhnutnosť redukcie úrokov, najmä u pôžičiek, presahujúcich 20 a viac rokov splácania. Matematický pr...

Full description

Saved in:
Bibliographic Details
Main Author: Simonovits, A.
Format: Book Chapter
Language:Hungarian
Subjects:
Tags: Add Tag
No Tags, Be the first to tag this record!

MARC

LEADER 00000naa a2200000 4500
001 r006502
005 20221125113614.7
041 0 |a hun 
044 |a HU 
245 1 0 |a Az 1991. lakáshitel-törlesztés matematikája.  |c A. Simonovits 
520 |a Zmeny vo financovaní bytov od r. 1991 v Maďarsku. Dopad inflácie v bytovom hospodárstve na životnú úroveň mladých rodín. Zmeny v úrokovej sadzbe, v systéme splácania dlhu štátnym peňažným ústavom. Nevyhnutnosť redukcie úrokov, najmä u pôžičiek, presahujúcich 20 a viac rokov splácania. Matematický prepočet nominálneho dlhu vo vzťahu k úrokom. 
610 2 0 |a byty 
610 2 0 |a 1991 
610 2 0 |a MR 
610 2 0 |a úver 
610 2 0 |a úrok 
610 2 0 |a inflácia 
610 2 0 |a úroveň životná 
100 1 |a Simonovits, A.